[Event "POL-chT2"]
[Site "Poronin"]
[Date "2013.09.15"]
[Round "9.72"]
[White "Guzik, Jolanta"]
[Black "Lewandowska, Anika"]
[Result "1/2-1/2"]
[WhiteElo "2100"]
[BlackElo "1949"]
[PlyCount "83"]
[EventDate "2013.09.06"]
[EventType "team-swiss"]
[EventRounds "9"]
[EventCountry "POL"]
[SourceTitle "EXT 2015"]
[Source "ChessBase"]
[SourceDate "2014.11.20"]
[SourceVersion "1"]
[SourceVersionDate "2014.11.20"]
[SourceQuality "1"]
[WhiteTeam "Jaworzno JKSz MCKiS"]
[BlackTeam "Bydgoszcz SSz Pocztowiec"]
[WhiteTeamCountry "POL"]
[BlackTeamCountry "POL"]

1. e4 e5 2. Nc3 Nc6 3. f4 Bb4 4. Bc4 d6 5. d3 Be6 6. Bxe6 fxe6 7. Nf3 exf4 8. Bxf4 e5 9. Bg5 Nf6 10. 0-0 Bxc3 11. bxc3 0-0 12. Nd2 Qe7 13. Nc4 Qe6 14. Ne3 Ne7 15. Qe2 c6 16. c4 Rae8 17. Bxf6 Rxf6 18. Rxf6 Qxf6 19. Rf1 Qe6 20. Qf2 b6 21. g3 Rd8 22. Qe1 d5 23. cxd5 cxd5 24. exd5 Nxd5 25. a4 Qc6 26. Nc4 Re8 27. Qe4 Qc5+ 28. Kg2 Nf6 29. Qf5 Qc6+ 30. Kh3 e4 31. Qb5 Qc8+ 32. Qf5 exd3 33. Qxc8 Rxc8 34. cxd3 Rd8 35. Rf3 Rd4 36. Kg2 Nd7 37. Re3 Kf8 38. a5 Rd5 39. axb6 axb6 40. Re6 Kf7 41. Rc6 b5 42. Nb2 1/2-1/2

[Event "POL-chT2"]
[Site "Poronin"]
[Date "2013.09.12"]
[Round "6.78"]
[White "Cholewa, Maria"]
[Black "Lewandowska, Anika"]
[Result "1/2-1/2"]
[WhiteElo "1878"]
[BlackElo "1949"]
[PlyCount "90"]
[EventDate "2013.09.06"]
[EventType "team-swiss"]
[EventRounds "9"]
[EventCountry "POL"]
[SourceTitle "EXT 2015"]
[Source "ChessBase"]
[SourceDate "2014.11.20"]
[SourceVersion "1"]
[SourceVersionDate "2014.11.20"]
[SourceQuality "1"]
[WhiteTeam "Kornik MUKS Wieza Kornicka"]
[BlackTeam "Bydgoszcz SSz Pocztowiec"]
[WhiteTeamCountry "POL"]
[BlackTeamCountry "POL"]

1. e4 e5 2. Nf3 Nc6 3. Bc4 d6 4. h3 Be6 5. Bb3 Bxb3 6. axb3 d5 7. exd5 Qxd5 8. Nc3 Qd7 9. d3 Bb4 10. 0-0 Nge7 11. Qe2 f6 12. Ne4 Nf5 13. Be3 Qd5 14. Nc3 Qd7 15. Ne4 0-0 16. Rfd1 Nfd4 17. Nxd4 exd4 18. Bd2 Bxd2 19. Qxd2 f5 20. Ng5 Rae8 21. Re1 h6 22. Rxe8 Rxe8 23. Nf3 Qd6 24. Re1 Ne5 25. Nxe5 Rxe5 26. Rxe5 Qxe5 27. Qb4 b6 28. Qc4+ Kf8 29. Qc6 a5 30. Qd7 Kg8 31. Qc6 Kh7 32. Qd7 f4 33. Qg4 h5 34. Qf3 Kh6 35. Qc6+ Kg5 36. Qf3 g6 37. Qa8 Kh4 38. Qf3 g5 39. Kf1 g4 40. hxg4 hxg4 41. Qc6 Kg5 42. Qa8 Kh5 43. Qg8 c6 44. Qf7+ Kg5 45. Qg8+ Kh5 1/2-1/2

[Event "POL-chT2"]
[Site "Poronin"]
[Date "2013.09.07"]
[Round "1.96"]
[White "Lewandowska, Anika"]
[Black "Turzynska, Grazyna"]
[Result "1-0"]
[WhiteElo "1949"]
[BlackElo "1476"]
[PlyCount "67"]
[EventDate "2013.09.06"]
[EventType "team-swiss"]
[EventRounds "9"]
[EventCountry "POL"]
[SourceTitle "EXT 2015"]
[Source "ChessBase"]
[SourceDate "2014.11.20"]
[SourceVersion "1"]
[SourceVersionDate "2014.11.20"]
[SourceQuality "1"]
[WhiteTeam "Bydgoszcz SSz Pocztowiec"]
[BlackTeam "Chojnice UKS Osemka"]
[WhiteTeamCountry "POL"]
[BlackTeamCountry "POL"]

1. e4 e5 2. Bc4 Nc6 3. c3 Nf6 4. Qf3 d6 5. Ne2 Bg4 6. Qe3 Qd7 7. f3 Be6 8. Bb5 a6 9. Ba4 b5 10. Bc2 Qc8 11. d4 exd4 12. cxd4 Nb4 13. Bb3 Bc4 14. 0-0 Bxb3 15. Qxb3 Nc6 16. a4 Na5 17. Qc3 Nb7 18. axb5 a5 19. Qc6+ Nd7 20. Nf4 Nd8 21. Qc3 a4 22. Nd5 c6 23. bxc6 Nxc6 24. Bf4 Be7 25. Rc1 Na7 26. Nc7+ Kf8 27. Nxa8 Qxa8 28. Qc7 Nf6 29. Rxa4 Ne8 30. Qxa7 Qd8 31. Qb7 Bg5 32. Rc8 Qf6 33. Rxe8+ Kxe8 34. Ra8+ 1-0

[Event "POL-chT3 Kujawsko Pomorskie 1213"]
[Site "Poland"]
[Date "2013.02.24"]
[Round "9.10"]
[White "Waszkowska, Karolina"]
[Black "Lewandowska, Anika"]
[Result "0-1"]
[WhiteElo "1335"]
[BlackElo "1960"]
[PlyCount "60"]
[EventDate "2012.11.04"]
[EventType "team-tourn"]
[EventRounds "11"]
[EventCountry "POL"]
[SourceTitle "EXT 2015"]
[Source "ChessBase"]
[SourceDate "2014.11.20"]
[SourceVersion "1"]
[SourceVersionDate "2014.11.20"]
[SourceQuality "1"]
[WhiteTeam "Swiecie Gambit"]
[BlackTeam "Bydgoszcz SSz Pocztowiec"]
[WhiteTeamCountry "POL"]
[BlackTeamCountry "POL"]

1. e4 e5 2. Nf3 Nc6 3. Bc4 Bc5 4. 0-0 d6 5. h3 Qf6 6. d3 Nge7 7. Ng5 0-0 8. Qh5 h6 9. Nf3 Be6 10. Bxe6 Qxe6 11. Qg4 f5 12. exf5 Nxf5 13. Nbd2 d5 14. Nh4 Rae8 15. Ndf3 Nfd4 16. Qxe6+ Rxe6 17. Nxd4 Nxd4 18. Be3 g5 19. Bxd4 Bxd4 20. Nf3 Bxb2 21. Rab1 Rb6 22. Rfe1 Re8 23. Re2 Bc3 24. Rxb6 axb6 25. d4 e4 26. Re3 Bb2 27. c3 Bc1 28. Re2 Bf4 29. g3 Bd6 30. Kg2 exf3+ 0-1

[Event "POL-chT3 Kujawsko Pomorskie 1314"]
[Site "Poland"]
[Date "2013.??.??"]
[Round "3.5"]
[White "Paprocka, Renata"]
[Black "Lewandowska, Anika"]
[Result "1-0"]
[WhiteElo "1983"]
[BlackElo "1946"]
[PlyCount "43"]
[EventDate "2013.11.03"]
[EventType "team-tourn"]
[EventRounds "11"]
[EventCountry "POL"]
[SourceTitle "EXT 2015"]
[Source "ChessBase"]
[SourceDate "2014.11.20"]
[SourceVersion "1"]
[SourceVersionDate "2014.11.20"]
[SourceQuality "1"]
[WhiteTeam "Bydgoszcz Wiartrak"]
[BlackTeam "Bydgoszcz SSz Pocztowiec"]
[WhiteTeamCountry "POL"]
[BlackTeamCountry "POL"]

1. d4 f5 2. c4 g6 3. Nf3 Bg7 4. Nc3 Nf6 5. Bf4 d6 6. g3 c6 7. Bg2 Qa5 8. 0-0 h6 9. Qd2 g5 10. Bxg5 hxg5 11. Qxg5 Kf7 12. Nh4 Rh5 13. Qg6+ Kf8 14. Bf3 Rh6 15. Qg5 Kf7 16. e4 Qb4 17. exf5 Qxc4 18. Rfe1 e6 19. fxe6+ Bxe6 20. d5 Nxd5 21. Nxd5 cxd5 22. Nf5 1-0

[Event "POL-chT3 Kujawsko Pomorskie 1213"]
[Site "Poland"]
[Date "2012.12.09"]
[Round "4.25"]
[White "Krupecka Czarkowska, Danuta"]
[Black "Lewandowska, Anika"]
[Result "0-1"]
[WhiteElo "1302"]
[BlackElo "1960"]
[PlyCount "66"]
[EventDate "2012.11.04"]
[EventType "team-tourn"]
[EventRounds "11"]
[EventCountry "POL"]
[SourceTitle "EXT 2015"]
[Source "ChessBase"]
[SourceDate "2014.11.20"]
[SourceVersion "1"]
[SourceVersionDate "2014.11.20"]
[SourceQuality "1"]
[WhiteTeam "Bydgoszcz Chemik II"]
[BlackTeam "Bydgoszcz SSz Pocztowiec"]
[WhiteTeamCountry "POL"]
[BlackTeamCountry "POL"]

1. e4 e5 2. Nf3 Nc6 3. Nc3 Bc5 4. Be2 d6 5. 0-0 f5 6. d3 Nf6 7. Na4 fxe4 8. Nxc5 exf3 9. Bxf3 dxc5 10. Bxc6+ bxc6 11. Be3 Qd5 12. c4 Qd6 13. Qe2 0-0 14. Rfd1 Bf5 15. Qc2 Rfd8 16. Rd2 Bxd3 17. Rxd3 Qxd3 18. Qc1 Ne4 19. b3 Nc3 20. Qe1 Ne2+ 21. Kh1 Nd4 22. Qc1 Nc2 23. Rb1 Nxe3 24. fxe3 Qe2 25. a4 Rd2 26. Qg1 Rad8 27. Re1 Qxe1 28. Qxe1 Rd1 29. h4 Rxe1+ 30. Kh2 Rd3 31. Kh3 h5 32. g3 Rd2 33. a5 Rh1# 0-1

[Event "POL-chT3 1112"]
[Site "Poland"]
[Date "2012.04.22"]
[Round "11.24"]
[White "Lewandowska, Anika"]
[Black "Pacuszka, Wioletta"]
[Result "0-1"]
[WhiteElo "1943"]
[BlackElo "1983"]
[PlyCount "64"]
[EventDate "2011.11.06"]
[EventType "team-tourn"]
[EventRounds "11"]
[EventCountry "POL"]
[SourceTitle "EXT 2015"]
[Source "ChessBase"]
[SourceDate "2014.11.20"]
[SourceVersion "1"]
[SourceVersionDate "2014.11.20"]
[SourceQuality "1"]
[WhiteTeam "Bydgoszcz SSz Pocztowiec"]
[BlackTeam "Grudziadz Rotmistrz III"]
[WhiteTeamCountry "POL"]
[BlackTeamCountry "POL"]

1. d4 d5 2. e3 Nf6 3. Bd3 Nbd7 4. f4 c5 5. c3 e6 6. Nd2 Be7 7. Nh3 Rb8 8. Qe2 c4 9. Bc2 b5 10. b4 a5 11. a3 Nb6 12. Bb2 Na4 13. Bxa4 bxa4 14. e4 Nxe4 15. Nxe4 dxe4 16. Qxe4 Bb7 17. Qe2 Bh4+ 18. Kd2 Qd5 19. Rhg1 Bf6 20. Rae1 Bc6 21. Nf2 axb4 22. axb4 a3 23. Bxa3 Bxd4 24. cxd4 Qxd4+ 25. Kc2 Ba4+ 26. Kb1 c3 27. Qe3 Qc4 28. Qc1 0-0 29. Re4 Qb3+ 30. Bb2 cxb2 31. Qxb2 Qd5 32. Rc1 Rfc8 0-1

[Event "POL-chT3 1112"]
[Site "Poland"]
[Date "2012.04.01"]
[Round "10.24"]
[White "Sliwicka, Alicja"]
[Black "Lewandowska, Anika"]
[Result "1/2-1/2"]
[WhiteElo "1670"]
[BlackElo "1943"]
[PlyCount "115"]
[EventDate "2011.11.06"]
[EventType "team-tourn"]
[EventRounds "11"]
[EventCountry "POL"]
[SourceTitle "EXT 2015"]
[Source "ChessBase"]
[SourceDate "2014.11.20"]
[SourceVersion "1"]
[SourceVersionDate "2014.11.20"]
[SourceQuality "1"]
[WhiteTeam "Torun UKS OPP"]
[BlackTeam "Bydgoszcz SSz Pocztowiec"]
[WhiteTeamCountry "POL"]
[BlackTeamCountry "POL"]

1. e4 e5 2. Nf3 Nc6 3. d4 exd4 4. Nxd4 Bc5 5. Be3 Qf6 6. c3 Nge7 7. Nc2 Bxe3 8. Nxe3 Qe5 9. Nd2 d5 10. Bd3 dxe4 11. Bxe4 f5 12. Bxc6+ bxc6 13. 0-0 f4 14. Nec4 Qg5 15. Nf3 Qf6 16. Re1 0-0 17. Qb3 Be6 18. Rxe6 Qxe6 19. Re1 Qf7 20. Ng5 Qd5 21. Rxe7 Rab8 22. Qc2 Qxg5 23. Rxc7 f3 24. Ne3 Rbe8 25. g3 Rf6 26. Rxa7 Rd6 27. h4 Qb5 28. Qb3+ Qxb3 29. axb3 Rd2 30. Ra2 Rb8 31. b4 c5 32. bxc5 Rbxb2 33. Rxb2 Rxb2 34. c4 Kf7 35. Nd5 Rb8 36. c6 Ke6 37. c7 Rb1+ 38. Kh2 Kd7 39. g4 Kc8 40. Kg3 Rc1 41. Kxf3 Kb7 42. Ne3 Kxc7 43. Ke4 g6 44. Kf4 Kd6 45. h5 gxh5 46. gxh5 Ke6 47. Kg5 Rg1+ 48. Kh6 Rh1 49. Ng2 Rh2 50. Nf4+ Kf5 51. Nd3 Ke4 52. Nc5+ Kd4 53. Ne6+ Kxc4 54. Ng5 Rxf2 55. Kxh7 Kd5 56. h6 Rh2 57. Kg7 Rxh6 58. Kxh6 1/2-1/2

[Event "POL-chT3 Kujawsko Pomorskie 1011"]
[Site "Poland"]
[Date "2011.02.13"]
[Round "6.24"]
[White "Bursa, Renata"]
[Black "Lewandowska, Anika"]
[Result "1-0"]
[WhiteElo "1982"]
[BlackElo "1927"]
[PlyCount "77"]
[EventDate "2010.11.07"]
[EventType "team-tourn"]
[EventRounds "11"]
[EventCountry "POL"]
[SourceTitle "EXT 2019"]
[Source "ChessBase"]
[SourceDate "2018.10.10"]
[SourceVersion "1"]
[SourceVersionDate "2018.10.10"]
[SourceQuality "1"]

1. d4 d5 2. Nf3 e6 3. c4 c6 4. g3 Bd6 5. Bg2 f5 6. 0-0 Nf6 7. b3 Qe7 8. Bb2 Nbd7 9. Qc1 Ne4 10. Ba3 0-0 11. Bxd6 Nxd6 12. e3 Qf6 13. Nbd2 Ne4 14. Qb2 Kh8 15. Rad1 Qh6 16. Ne5 Nxe5 17. dxe5 Bd7 18. Nxe4 fxe4 19. Bxe4 Be8 20. Bg2 Bh5 21. Rd4 Bf3 22. Bxf3 Rxf3 23. Rf4 Qh5 24. Kg2 Rf8 25. cxd5 R3xf4 26. exf4 Rxf4 27. f3 Rf5 28. dxc6 bxc6 29. Qd4 h6 30. g4 Qh4 31. Rd1 Rg5 32. Qe4 Kg8 33. Rd8+ Kf7 34. Rd7+ Kg8 35. Rxa7 h5 36. h3 hxg4 37. fxg4 Rf5 38. Ra8+ Kf7 39. Qd4 1-0

[Event "POL-chT3 Kujawsko Pomorskie 1011"]
[Site "Poland"]
[Date "2011.01.23"]
[Round "5.18"]
[White "Lewandowska, Anika"]
[Black "Wodzynska, Zofia"]
[Result "1-0"]
[WhiteElo "1927"]
[BlackElo "1590"]
[PlyCount "101"]
[EventDate "2010.11.07"]
[EventType "team-tourn"]
[EventRounds "11"]
[EventCountry "POL"]
[SourceTitle "EXT 2019"]
[Source "ChessBase"]
[SourceDate "2018.10.10"]
[SourceVersion "1"]
[SourceVersionDate "2018.10.10"]
[SourceQuality "1"]

1. d4 d5 2. e3 Nf6 3. Bd3 c5 4. c3 c4 5. Bc2 e6 6. Nd2 Bd6 7. f4 Nc6 8. Qf3 b5 9. e4 dxe4 10. Nxe4 Bb7 11. Nxf6+ Qxf6 12. Be4 Rc8 13. Ne2 Qe7 14. g4 g6 15. 0-0 f5 16. gxf5 gxf5 17. Qh5+ Kd7 18. Bf3 Rhg8+ 19. Ng3 Rcf8 20. d5 exd5 21. Bxd5 Rg4 22. Bd2 Nd8 23. Bxb7 Nxb7 24. Rae1 Bc5+ 25. Kg2 Qd6 26. Qxh7+ Kc8 27. Bc1 Qf6 28. Re5 Rg6 29. Qh5 Qc6+ 30. Rf3 Rh6 31. Qg5 Rxh2+ 32. Kxh2 Qxf3 33. Qg7 Qc6 34. Nxf5 Re8 35. Be3 Bf8 36. Qg4 Rxe5 37. fxe5 Kb8 38. Bf4 Ka8 39. Qg8 Qe8 40. Kg3 Qc8 41. e6 Qc5 42. Ne3 Nd8 43. Kf2 Qe7 44. Qg2+ Nb7 45. Qc6 Qh4+ 46. Bg3 Qf6+ 47. Ke2 Qd8 48. Nd5 Bd6 49. Bxd6 Qxd6 50. Qc8+ Qb8 51. Nc7# 1-0

[Event "POL-chT3 Kujawsko Pomorskie 1011"]
[Site "Poland"]
[Date "2010.11.21"]
[Round "2.30"]
[White "Filipek, Halina"]
[Black "Lewandowska, Anika"]
[Result "0-1"]
[WhiteElo "1742"]
[BlackElo "1927"]
[PlyCount "112"]
[EventDate "2010.11.07"]
[EventType "team-tourn"]
[EventRounds "11"]
[EventCountry "POL"]
[SourceTitle "EXT 2019"]
[Source "ChessBase"]
[SourceDate "2018.10.10"]
[SourceVersion "1"]
[SourceVersionDate "2018.10.10"]
[SourceQuality "1"]

1. d4 d5 2. Nf3 e6 3. Bf4 Bd6 4. Bg3 Bxg3 5. hxg3 Nd7 6. e3 f5 7. Bd3 Ngf6 8. Ng5 Nf8 9. Nd2 Ng4 10. Ngf3 Qd6 11. c3 Bd7 12. Qe2 Ng6 13. Nb3 b6 14. Nh2 h5 15. Nxg4 hxg4 16. Rxh8+ Nxh8 17. 0-0-0 a5 18. Nd2 Rb8 19. Qe1 Nf7 20. f3 Ba4 21. Bc2 Bxc2 22. Kxc2 gxf3 23. gxf3 c5 24. Qf2 cxd4 25. exd4 a4 26. a3 g5 27. Rh1 Qe7 28. Qe2 b5 29. Nf1 Kd7 30. Ne3 Qf6 31. Kc1 Kc6 32. Nc2 Nd6 33. Nb4+ Kb6 34. Nd3 Nb7 35. Ne5 Qg7 36. Nd3 Qg6 37. Ne5 Qg7 38. Nd3 Qe7 39. Nb4 Qd6 40. Rh6 Nd8 41. Qe1 Rc8 42. Nd3 Rc6 43. Nc5 Qe7 44. Qh1 e5 45. Rh7 Qd6 46. Rd7 Qf8 47. Qh7 exd4 48. cxd4 Rxc5+ 49. dxc5+ Qxc5+ 50. Kb1 Nc6 51. Rb7+ Ka5 52. Qc7+ Ka6 53. Qc8 Qg1+ 54. Ka2 Na7 55. Qd7 Qc5 56. Rc7 Qb6 0-1

[Event "Ostroda op 5th"]
[Site "Ostroda"]
[Date "2008.08.07"]
[Round "5.2"]
[White "Tarach, Dorota"]
[Black "Lewandowska, Anika"]
[Result "0-1"]
[WhiteElo "1769"]
[BlackElo "1917"]
[PlyCount "134"]
[EventDate "2008.08.04"]
[EventType "swiss"]
[EventRounds "9"]
[EventCountry "POL"]
[SourceTitle "EXT 2023"]
[Source "ChessBase"]
[SourceDate "2022.10.05"]
[SourceVersion "1"]
[SourceVersionDate "2022.10.05"]
[SourceQuality "1"]

1. e4 e5 2. Nf3 Nc6 3. Bb5 Bc5 4. c3 Qf6 5. d3 Nge7 6. Be3 Bxe3 7. fxe3 Qg6 8. 0-0 0-0 9. Nbd2 d6 10. Qe1 Be6 11. Nh4 Qg5 12. Ndf3 Qh5 13. c4 f5 14. exf5 Nxf5 15. Nxf5 Bxf5 16. e4 Bg4 17. Bxc6 bxc6 18. Qe3 Bxf3 19. Rxf3 Rxf3 20. Qxf3 Qxf3 21. gxf3 Rf8 22. Kf2 Rf4 23. Rc1 Rf8 24. Rc3 Rb8 25. Rc2 c5 26. Kg3 Kf7 27. f4 Ke6 28. f5+ Kf6 29. Kg4 a5 30. b3 Rb4 31. Rc3 c6 32. a3 Rb7 33. h4 g6 34. fxg6 Kxg6 35. h5+ Kf6 36. Kh4 h6 37. Kg4 Rg7+ 38. Kh4 Rg1 39. Rc2 Rh1+ 40. Kg4 Rf1 41. Rc3 Rf4+ 42. Kg3 Kg5 43. Rc1 Kxh5 44. Rb1 Kg5 45. b4 cxb4 46. axb4 axb4 47. Rxb4 Rf1 48. Rb8 Rd1 49. Rg8+ Kh5 50. Rc8 Rxd3+ 51. Kf2 c5 52. Rd8 Kg4 53. Ke2 Rd4 54. Ke3 h5 55. Rg8+ Kh3 56. Rg6 h4 57. Rf6 Kh2 58. Rf2+ Kg1 59. Rf6 h3 60. Rg6+ Kh1 61. Kf2 Rxe4 62. Rh6 Kh2 63. Rxd6 Rxc4 64. Rd2 Rf4+ 65. Ke3+ Kg3 66. Rd8 h2 67. Rg8+ Kh3 0-1

[Event "Ostroda op 5th"]
[Site "Ostroda"]
[Date "2008.08.06"]
[Round "4.3"]
[White "Lewandowska, Anika"]
[Black "Chmielecki, Michal"]
[Result "1-0"]
[WhiteElo "1917"]
[BlackElo "1677"]
[PlyCount "35"]
[EventDate "2008.08.04"]
[EventType "swiss"]
[EventRounds "9"]
[EventCountry "POL"]
[SourceTitle "EXT 2023"]
[Source "ChessBase"]
[SourceDate "2022.10.05"]
[SourceVersion "1"]
[SourceVersionDate "2022.10.05"]
[SourceQuality "1"]

1. d4 f5 2. c4 Nf6 3. Nc3 g6 4. Bg5 Bg7 5. e3 d6 6. f4 0-0 7. Nf3 c6 8. Bd3 Nbd7 9. 0-0 Qb6 10. Qd2 Re8 11. Kh1 e5 12. dxe5 dxe5 13. fxe5 Nxe5 14. Nxe5 Rxe5 15. Rae1 Ne4 16. Bxe4 fxe4 17. Na4 Qa6 18. Qd8+ 1-0